000 00384nam a2200133Ia 4500
008 231129s2012||||xx |||||||||||||| ||spa||
020 _a978-958-8827-30-8
082 _a927 F866j
100 _aFreja de la Hoz Adrián Farid.
245 0 _aJuan Chuchita Fernández
260 _c2012
264 _aBogotá : Ministerio de Cultura
942 _2ddc
_cBKS
999 _c16184
_d16184